000
00292nam a22001457a 4500
008
210312b ||||| |||| 00| 0 eng d
020
_a
0812351088
041
_a
eng
080
_a
37
082
_a
37
100
_a
25
101
_a
EDU
245
_a
English
_c
Mcdougal,L
942
_2
udc
_c
BK
999
_c
56507
_d
56507